Quantitat und qualitat grundfragen der bildungspolitik.

Guardado en:
Detalles Bibliográficos
Autor principal: Becker, Hellmut (autor)
Formato: Libro
Idioma:Alemán
Colección:(Freiburger studien zu politik und soziologie)
Temas:
Etiquetas: Agrega una etiqueta
Sin etiquetas, Sé el primero en etiquetar este registro!

MARC

LEADER 00000cam^a2200000uu^4500
001 000484533
005 20250521000000.0
008 031108s1962^^^^^^^^^^^^rd^r^^000^0^ger^d
009 20260526150541.143
035 |a FCE 000027593 
035 |a FCE 023178 
037 |a Acervo ITESO - Biblioteca 
041 |a ALE 
082 0 4 |a 379.15443  |b BECq 
100 |a Becker, Hellmut  |e (autor) 
245 1 0 |a Quantitat und qualitat grundfragen der bildungspolitik. 
264 |a Alemania :  |b Verlag Rombach,  |c 1962. 
300 |a 416 p. 
336 |a texto  |b txt  |2 rdacontenido 
337 |a sin mediación  |b n  |2 rdamedio 
338 |a volumen  |b nc  |2 rdasoporte 
440 0 |a (Freiburger studien zu politik und soziologie) 
649 |a XX 
650 |a Sistema educativo 
650 |a Organización de la educación 
650 |a Calidad de la educación 
650 |a Políticas de educación 
650 |a Alemania 
910 |a Fondo Centro de Estudios Educativos 
920 |a Impresos - Libros 
930 |a Fondos Especiales 
905 |a 133 
901 |a ALE023178  |b IT2  |c CEE  |u 20250521 
902 |a https://opac.biblio.iteso.mx/vufind/Record/000484533